All civilizations by their capital city in Civilization 6 Map quiz - Statistics

General Stats
  • This quiz has been taken 59 times
  • The average score is 54 of 61
Answers on the Map
Answers color-coded by a green-red scale on the quiz's map according to % correct below.
 
Answer Stats
Answer % Correct
Canada
98%
Greece (Pericles)
98%
Rome
98%
America
96%
Australia
96%
Aztec
96%
Brazil
96%
China (Kublai Khan, Yongle)
96%
China (Qin Shi Huang)
96%
China (Wu Zetian)
96%
Egypt (Cleopatra)
96%
Egypt (Ramses II)
96%
England
96%
France
96%
Georgia
96%
Greece (Gorgo)
96%
Hungary
96%
Inca
96%
Japan (Hojo Tokimune)
96%
Japan (Tokugawa)
96%
Korea (Sejong)
96%
Korea (Seondeok)
96%
Maya
96%
Netherlands
96%
Norway
96%
Poland
96%
Portugal
96%
Russia
96%
Scotland
96%
Spain
96%
Sweden
96%
Vietnam
96%
Ethiopia
94%
Germany (Frederick Barbarossa)
94%
Germany (Ludwig II)
94%
India (Chandragupta)
94%
India (Gandhi)
94%
Māori
94%
Mongolia (Genghis Khan)
94%
Mongolia (Kublai Khan)
94%
Persia (Cyrus)
94%
Persia (Nader Shah)
94%
Gran Colombia
91%
Ottomans
91%
Kongo (Mvemba a Nzinga)
89%
Kongo (Nzinga Mbande)
89%
Zulu
89%
Babylon
87%
Khmer
87%
Macedonia
87%
Mali
87%
Indonesia
85%
Byzantium
74%
Nubia
74%
Phoenicia
66%
Arabia
64%
Sumeria
62%
Cree
57%
Gaul
53%
Mapuche
53%
Scythia
45%
No matching quizzes found
Score Distribution
Percent of People with Each Score
Percentile by Number Answered
Your Score History
You have not taken this quiz